Viaje académico 2020 /

Detalles Bibliográficos
Otros Autores: Vanegas Peña, Santiago (Editor), Carrasco Vintimilla, Isabel (Editor), Sotomayor Bustos, Cristian (Editor)
Formato: Electrónico eBook
Lenguaje:español
Publicado: Cuenca, Ecuador : Universidad del Azuay, Casa Editora, [2021]
Colección:Artem (Universidad del Azuay, Casa Editora)
Materias:
Acceso en línea:Digitalia Hispánica

MARC

LEADER 00000nam a2200000Ii 4500
001 DIGUAZUAY0118
003 NyNyDIG
006 m o d
007 cr |||||||||||
008 251104s2021 ec o o 000 0 spa d
035 |a (OCoLC)1438852595 
040 |a DGITA  |b eng  |e rda  |e pn  |c DGITA 
020 |a 9789942847119  |q eBook 
020 |z 9789942847096 
043 |a s-ck---  |a s-ag--- 
050 1 4 |a TR659 ebook  
245 0 0 |a Viaje académico 2020 /  |c Santiago Vanegas Peña, Isabel Carrasco Vintimilla, Cristian Sotomayor Bustos, editores. 
264 1 |a Cuenca, Ecuador :  |b Universidad del Azuay, Casa Editora,  |c [2021] 
300 |a 1 online resource :  |b photographs. 
336 |a text  |b txt  |2 rdacontent 
337 |a computer  |b c  |2 rdamedia 
338 |a online resource  |b cr  |2 rdacarrier 
347 |a text file  |2 rdaft 
347 |b PDF 
490 1 |a Artem 
500 |a "Concurso de fotografía" 
588 0 |a Online resource; title from PDF title page (Digitalia, viewed November 4, 2025) 
650 0 |a Architectural photography  |z Colombia  |z Bogotá.  
650 0 |a Architectural photography  |z Argentina  |z Buenos Aires.  
650 0 |a Students  |x Travel  |z Colombia  |z Bogotá. 
650 0 |a Students  |x Travel  |z Argentina  |z Buenos Aires. 
650 0 |a Photography in education. 
700 1 |a Vanegas Peña, Santiago,  |e editor. 
700 1 |a Carrasco Vintimilla, Isabel,  |e editor. 
700 1 |a Sotomayor Bustos, Cristian,  |e editor. 
791 2 |a Digitalia (Firm),  |e distributor. 
793 0 |g Digitalia eBook Collection:  |a Universidad del Azuay 
776 0 8 |i Print version:  |t Viaje académico 2020.  |d Cuenca, Ecuador : Universidad del Azuay, Casa Editora, [2021]  |z 9789942847096 
830 0 |a Artem (Universidad del Azuay, Casa Editora) 
856 4 0 |3 Digitalia Hispánica  |u https://www.digitaliapublishing.com/a/133502/ 
910 |a Premium collection: 2025